000 00532nam a2200193Ia 4500
003 GCL
008 140319s9999 xx 000 0 ara d
040 _aGCL /
_cGCL
082 0 4 _a810.9
_bم م
100 1 _aمحمد مندور
245 1 0 _aمعارك ادبية /
_cمحمد مندور
260 _a[S.N] :
_bدار نهضة مصر للطبع والنشر
300 _a317 ص
490 _a
650 0 4 _aالادب العربى
650 0 4 _aالعصر الحديث
650 0 4 _aتاريخ ونقد
942 _2ddc
_cBK
999 _c53396
_d53396